000 01424nam a2200373Ia 4500
001 036502
008 221003m2013 xx 000 0 spa d
035 _aCENDO_26607
041 _aspa
100 _aLOPEZ, Vicente
_921298
245 0 _a<La> salud :
_b<un> lujo /
_cVicente López
260 _a[Valencia] :
_bISTAS, Instituto Sindical de Trabajo, Ambiente y Salud,
_c2013
300 _a1 p. ;
_c 30 cm
500 _aEn: PorExperiencia : Revista de Salud Laboral para Delegados y Delegadas de Prevención de CCOO, n. 60 (abril 2013), p. 9
650 _aSALUD EN EL TRABAJO
_9155
650 _aCONDICIONES DE TRABAJO
_9128
650 _aREFORMA LEGISLATIVA
_9212
650 0 _aMERCADO DE TRABAJO
_952
650 _aACTITUD DE LA DIRECCION
_9173
650 0 _aACTITUD SINDICAL
_961
650 _aPREVENCION
_94589
710 _aINSTITUTO SINDICAL DE TRABAJO, AMBIENTE Y SALUD,
_eed.
_97412
710 _aISTAS,
_eed.
_97413
710 _aFUNDACION PARA LA PREVENCION DE RIESGOS LABORALES
_cEspaña,
_ecol.
_915928
856 _zPDF
_uhttp://docpublicos.ccoo.es/cendoc/036502SaludTrabajo.pdf
901 _a1
903 _aNO
904 _a000
907 _aSeguridad y Salud en el Trabajo
953 _d2013-05-08
_yDOCU_ELEC
_hPorExperiencia : Revista de Salud Laboral para Delegados y Delegadas de Prevención de CCOO, n. 60 (abril 2013), p. 9
_tPS21
999 _c26606
_d26606
910 _a2013
942 _cDOCU_ELEC